Integrated probabilistic schedules and estimates from project simulated data (Record no. 67516)
[ view plain ]
| 000 -LEADER | |
|---|---|
| fixed length control field | 01203cam a2200265 4500 |
| 008 - FIXED-LENGTH DATA ELEMENTS--GENERAL INFORMATION | |
| fixed length control field | 000000n2001 000 0 eng u |
| 035 ## - SYSTEM CONTROL NUMBER | |
| System control number | (Sirsi) u113335 |
| 100 ## - MAIN ENTRY--PERSONAL NAME | |
| Personal name | Isidore, L. |
| 245 ## - TITLE STATEMENT | |
| Title | Integrated probabilistic schedules and estimates from project simulated data |
| 260 ## - PUBLICATION, DISTRIBUTION, ETC. | |
| Date of publication, distribution, etc. | 2001 |
| 490 ## - SERIES STATEMENT | |
| Series statement | Construction Management and Economics |
| Volume/sequential designation | 19(4) July 2001, 417-426(10) |
| 520 ## - SUMMARY, ETC. | |
| Summary, etc. | Suggests that the risks associated with construction projects can be better quantified by integrating range estimating and probabilistic scheduling, also known as probabilistic estimating and stochastic scheduling, using the empirical cumulative density function technique (ECDF), a graphically based technique which does not require assumptions about the underlying data distributions. Tables, diagrams, references. |
| 650 ## - SUBJECT ADDED ENTRY--TOPICAL TERM | |
| Topical term or geographic name entry element | CONSTRUCTION PROJECTS |
| 650 ## - SUBJECT ADDED ENTRY--TOPICAL TERM | |
| Topical term or geographic name entry element | MONTE CARLO SIMULATION |
| 650 ## - SUBJECT ADDED ENTRY--TOPICAL TERM | |
| Topical term or geographic name entry element | PROBABILISTIC MODELLING |
| 650 ## - SUBJECT ADDED ENTRY--TOPICAL TERM | |
| Topical term or geographic name entry element | PROBABILITY MODELS |
| 650 ## - SUBJECT ADDED ENTRY--TOPICAL TERM | |
| Topical term or geographic name entry element | RISK ANALYSIS |
| 650 ## - SUBJECT ADDED ENTRY--TOPICAL TERM | |
| Topical term or geographic name entry element | RISK ASSESSMENT MODEL |
| 650 ## - SUBJECT ADDED ENTRY--TOPICAL TERM | |
| Topical term or geographic name entry element | RISK ESTIMATION |
| 650 ## - SUBJECT ADDED ENTRY--TOPICAL TERM | |
| Topical term or geographic name entry element | RISK MANAGEMENT |
| 690 ## - LOCAL SUBJECT ADDED ENTRY--TOPICAL TERM (OCLC, RLIN) | |
| Topical term or geographic name as entry element | BUILDING AND CONSTRUCTION-MANAGEMENT |
| 700 ## - ADDED ENTRY--PERSONAL NAME | |
| Personal name | Back, E. |
| 700 ## - ADDED ENTRY--PERSONAL NAME | |
| Personal name | Fry, G. |
| 942 ## - ADDED ENTRY ELEMENTS (KOHA) | |
| Suppress in OPAC | 0 |
| Withdrawn status | Lost status | Source of classification or shelving scheme | Damaged status | Not for loan | Home library | Current library | Shelving location | Date acquired | Total Checkouts | Barcode | Date last seen | Copy number | Price effective from | Koha item type |
|---|---|---|---|---|---|---|---|---|---|---|---|---|---|---|
| Dewey Decimal Classification | London | London | Journal article | 28/06/2001 | 113335-1001 | 06/08/2019 | 1 | 06/08/2019 | Journal article |